[Event "Airthings Masters Preliminary"]
[White "Dubov,Daniil"]
[Black "Aronian,Levon"]
[Site "Online"]
[Round "10.3"]
[Annotator "TA"]
[Result "1/2-1/2"]
[Date "2020.12.23"]
[WhiteElo "2699"]
[BlackElo "2781"]
[PlyCount "83"]

1. d4 {} Nf6 2. c4 e6 3. Nf3 d5 4. g3 Bb4+ 5. Bd2 Be7 6. Bg2 c6 7. Qc2 b6 8. 0-0 0-0 9. Bf4 Ba6 {E06: Closed Catalan: Early
deviations.} 10. cxd5 cxd5 11. Rc1 Nbd7 12. Nc3 Bb4 13. Bf1 Rc8 14. Qb3 Qe7 {
[#]} 15. Qa4 $146 ({Predecessor:} 15. Nd2 Nh5 16. Be3 Nb8 17. a3 Bxc3 18. Rxc3 Rxc3 19. Qxc3 Rc8 {1/2-1/2 (19) Enescu,C (2345)-Bendana Aragon,J (2325) ICCF
email 2012} )Bc4 16. Nb5 Ne4 (16... Bxb5 $14 17. Qxb5 Nb8 )17. a3 (17. Nxa7 $16 Ra8 18. b3 )Bxb5 $11 18. Qxb5 Bd6 19. Be3 f5 20. Rxc8 Rxc8 21. Rc1 Rxc1 22. Bxc1 g5 {[#]} (22... Kf7 $11 )23. Qc6 (23. Bxg5 $1 $16 {
} Nxg5 24. Nxg5 )g4 24. Ne1 Nf8 25. Nd3 Ng6 26. Bh6 Kf7 27. h3 Nf6 28. Bg5 h5 {The position is equal.} 29. hxg4 hxg4 30. e3 (30. Bxf6 {looks sharper.} Kxf6 31. Qc1 Qg7 32. e3 Qd7 33. Be2 )Qc7 31. Qxc7+ Bxc7 32. Bxf6 Kxf6 {
 Endgame KBN-KBN} 33. Be2 Bd6 34. Kf1 Nh8 35. Nc1 Nf7 36. Na2 a5 37. Nc3 Ke7 38. Ke1 Bc7 39. Nb5 Bb8 40. Kd2 Nd6 41. Nxd6 Kxd6 42. Bb5 {Weighted
Error Value: White=0.11/Black=0.15} 1/2-1/2

[Event "Airthings Masters Preliminary"]
[White "Anton Guijarro,David"]
[Black "Nepomniachtchi,Ian"]
[Site "Online"]
[Round "10.4"]
[Annotator "TA"]
[Result "1/2-1/2"]
[Date "2020.12.23"]
[WhiteElo "2675"]
[BlackElo "2784"]
[PlyCount "78"]

1. e4 {} c5 2. Nf3 d6 3. d4 cxd4 4. Qxd4 Nf6 5. Bg5 Nc6 6. Bb5 {B53: Sicilian: 2...d6: Lines with Qxd4.} Bd7 7. Qd3 Nb4 8. Bxd7+ Qxd7 9. Qb3 {[#]} Nc6 $146 ({Predecessor:} 9... Na6 10. e5 Ne4 11. exd6 Nac5 12. Qe3 f6 13. 0-0 fxg5 14. b4 exd6 15. Nc3 0-0-0 16. bxc5 Nxc3 17. Qxc3 dxc5 {1-0 (38) Drus,M-Souply,Y (1895) ICCF email 2011} )10. Bxf6 gxf6 11. Nc3 Rc8 12. Nd5 Bg7 13. 0-0 0-0 14. Ne3 e6 15. Rad1 Rfd8 16. c3 Ne7 17. Rd2 Qc6 18. Qc2 Bh6 19. Nd4 Qc5 20. Qd1 d5 ({Better is} 20... Ng6 $14 )21. Qg4+ $16 Ng6 {
[#]} 22. exd5 (22. Qh3 $1 $16 {} Bxe3 23. fxe3 )Bxe3 $11 {
The position is equal.} 23. fxe3 f5 $1 {} 24. Qf3 (24. Qd1 {
looks sharper.} Rxd5 25. Qf3 Ne5 26. Qf2 Rcd8 27. Re2 )Qxd5 25. Rfd1 {
Strongly threatening Nb3.} Qxf3 26. Nxf3 Rxd2 27. Rxd2 { Endgame
KRN-KRN} Rc7 28. Kf2 Kg7 29. Rd4 Kf6 30. g4 fxg4 31. Rxg4 Ke7 32. Ke2 f5 33. Ra4 a6 34. Rb4 Nf8 35. a4 Kf6 36. Rh4 Ng6 37. Rb4 Nf8 38. Rh4 Ng6 39. Rb4 Nf8 {
Weighted Error Value: White=0.10/Black=0.07} 1/2-1/2

[Event "Airthings Masters Preliminary"]
[White "Carlsen,Magnus"]
[Black "Nakamura,Hikaru"]
[Site "Online"]
[Round "10.5"]
[Annotator "TA"]
[Result "1-0"]
[Date "2020.12.23"]
[WhiteElo "2862"]
[BlackElo "2736"]
[PlyCount "107"]

1. e4 {} e5 2. Nf3 Nc6 3. Bb5 Nf6 4. 0-0 Nxe4 5. Re1 Nd6 6. Nxe5 Be7 7. Bf1 Nxe5 8. Rxe5 0-0 9. d4 Ne8 {C67: Ruy Lopez:
Berlin Defence: 4 0-0 Nxe4.} 10. Re1 d5 11. Bf4 Bd6 {[#] The position is equal.
} 12. Qf3 $1 $146 { A top novelty.} (12. Be5 c6 13. c3 Bxe5 14. Rxe5 Nd6 15. Bd3 g6 16. Nd2 f6 17. Re3 Bf5 18. Nb3 b6 19. Bxf5 Nxf5 20. Re2 Qd7 {
1/2-1/2 (20) Carlsen,M (2870)-Nakamura,H (2741) Kolkata 2019} )({Predecessor:} 12. Bxd6 Nxd6 13. Bd3 Bf5 14. Bxf5 Nxf5 15. c3 Re8 16. Nd2 c6 17. Rxe8+ Qxe8 18. Nf3 {1/2-1/2 (33) Aronian,L (2781)-Nakamura,H (2736) chess24.com INT 2020} )Bxf4 13. Qxf4 Qd6 14. Qf3 Nf6 15. Nd2 Bg4 16. Qg3 Qxg3 17. hxg3 Rfe8 18. f3 Bd7 19. g4 h6 20. Kf2 Rxe1 21. Rxe1 Re8 22. Rc1 c6 23. a4 {} Re7 24. a5 Ne8 25. Nb3 Nd6 26. Nc5 Bc8 27. b3 g6 28. c4 dxc4 29. bxc4 Kg7 30. Bd3 f5 31. gxf5 Bxf5 32. Be2 h5 33. Nd3 Bc8 34. Nb4 Nf5 35. d5 c5 36. Nd3 Rc7 37. Nf4 h4 38. Bd3 g5 39. Ne2 Nd6 40. Nc3 Kf6 41. Re1 Bd7 (41... Rg7 {with more complications.} 42. Ne4+ Nxe4+ 43. Rxe4 Bd7 44. Re1 Rg8 )42. Ne4+ (42. Ke3 {seems wilder.} Bc8 43. Ne4+ Nxe4 44. fxe4 Ke5 45. Rf1 )Nxe4+ 43. Bxe4 $11 { Endgame KRB-KRB} b5 44. d6 Rc8 45. cxb5 Bxb5 46. Rb1 Bc4 (46... a6 {is more complex.} 47. Rxb5 axb5 48. a6 Ke6 49. Ke3 Kxd6 50. a7 c4 )47. Rb7 Rd8 48. Rxa7 {And now Rc7 would win.} (48. d7 {feels hotter.
} a6 49. Rb6+ Ke5 50. Ke3 Rxd7 51. Rg6 )Rxd6 49. Rc7 Rd2+ 50. Kg1 Bd5 $2 { [#] This costs Black the game.} (50... g4 $16 51. fxg4 (51. Rxc5 {
gets mated.} g3 52. Rc6+ Ke7 53. Bc2 Rxc2 54. Rc7+ Kf6 55. Rxc4 {
Remove Defender} Rxc4 56. Kf1 Rc1+ 57. Ke2 h3 58. Kd2 hxg2 59. Kxc1 g1=Q+ 60. Kc2 Qc5+ 61. Kd2 g2 62. f4 g1=Q 63. a6 Qge3+ { Double Attack} 64. Kd1 Qcc1# )Be2 )51. Rd7 $1 $18 {White is clearly winning.} Ke6 52. Rd8 c4 53. a6 c3 54. Rxd5 {Weighted Error Value: White=0.04/Black=0.22} (54. Bxd5+ $142 Ke7 {[#]} 55. a7 $1 {} Rd1+ 56. Kh2 )1-0

[Event "Airthings Masters Preliminary"]
[White "Giri,Anish"]
[Black "Grischuk,Alexander"]
[Site "Online"]
[Round "10.6"]
[Annotator "TA"]
[Result "1/2-1/2"]
[Date "2020.12.23"]
[WhiteElo "2764"]
[BlackElo "2777"]
[PlyCount "101"]

1. e4 {} e5 2. Nf3 Nc6 3. Bc4 Bc5 4. c3 Nf6 5. d3 d6 6. 0-0 a6 7. Bb3 Ba7 8. Re1 0-0 9. h3 h6 10. Nbd2 {} Re8 11. Nf1 Be6 12. Bc2 {12.Be3 is a critical
line. C54: Giuoco Piano: 4 c3 Nf6, main lines with 5 d4 and 5 d3.} d5 13. Qe2 d4 14. Bd2 b5 15. Ng3 {[#]} a5 $146 ({Predecessor:} 15... Nd7 16. a4 Qe7 17. Nf5 Bxf5 18. exf5 Qd6 19. Qe4 Nf6 20. Qh4 b4 21. cxb4 Nxb4 22. Bxb4 Qxb4 {
1/2-1/2 (28) Manso Gil,A (2579)-Zidu,J (2590) ICCF email 2016} )16. Bb3 a4 17. Bxe6 Rxe6 18. Red1 a3 19. bxa3 (19. Rab1 {seems wilder.} Bc5 20. cxd4 Bxd4 21. bxa3 Rxa3 22. Rxb5 Rxa2 23. Nf5 )Bb6 {The position is equal.} 20. Nf5 (20. Rab1 {feels hotter.} Rxa3 21. cxd4 Nxd4 22. Nxd4 Bxd4 23. Bc1 )Rxa3 21. cxd4 Nxd4 22. N3xd4 Bxd4 23. Nxd4 Qxd4 24. Be3 Qd7 25. Rac1 c6 26. Rc2 Qb7 27. Bc5 Ra4 28. a3 Nd7 29. Bb4 Qb6 {White should prevent ...c5.} 30. Rdc1 Ra8 31. Rc3 Rc8 32. Qe3 Qd4 33. Kf1 Rg6 34. R3c2 Kh7 35. g4 Qxe3 36. fxe3 Re6 37. Kg2 Kg8 38. Kf3 Rf6+ 39. Ke2 Re6 40. Rc3 Kh7 41. Kf3 Rf6+ 42. Kg2 Re6 43. R3c2 Kg8 44. Kf2 Rf6+ 45. Ke2 Re6 46. Rc3 Kh7 47. R1c2 Kg8 48. Kf2 Rf6+ 49. Kg2 Re6 50. Rc1 Kh7 51. R3c2 {An uneventful encounter.  Weighted Error Value: White=0.
03/Black=0.01} 1/2-1/2

[Event "Airthings Masters Preliminary"]
[White "Grischuk,Alexander"]
[Black "Vachier-Lagrave,Maxime"]
[Site "Online"]
[Round "11.1"]
[Annotator "TA"]
[Result "0-1"]
[Date "2020.12.23"]
[WhiteElo "2777"]
[BlackElo "2784"]
[PlyCount "109"]

1. e4 {} c5 2. Nf3 d6 3. Bb5+ Nd7 4. d4 cxd4 5. Qxd4 a6 6. Be2 {B51: Sicilian: Moscow Variation (3 Bb5+) without 3...Bd7.} Ngf6 7. 0-0 g6 {now supersedes 7...e5.} (7... e5 $5 {} 8. Qe3 Be7 $11 )8. e5 {White is slightly better.} dxe5 9. Nxe5 Bg7 {[#]} 10. Bf4 $146 ({
Predecessor:} 10. Nf3 0-0 11. Rd1 e5 12. Qh4 Qc7 13. Nc3 b6 14. Be3 Bb7 15. Nd2 Rae8 16. Qc4 {1/2-1/2 (63) Alekseev,E (2626)-Savchenko,B (2551)
Khanty-Mansiysk 2020} )0-0 11. Rd1 Qb6 12. Qxb6 Nxb6 13. Nc3 Bf5 14. Bf3 Nh5 15. Be3 {} Bxe5 16. Bxb6 Nf6 17. Re1 ({Don't go for} 17. Bxb7 $2 Rab8 $19 )Nd7 {Threatens to win with ...Bxc3.} 18. Ba5 Rab8 19. Rad1 Rfe8 (19... Bf6 $11 {remains equal.} )20. Be4 (20. g4 $16 Be6 21. Rxd7 $1 {
} Bxc3 22. Rxe6 $1 {} Bxa5 23. Rexe7 Rxe7 24. Rxe7 )Be6 21. Bd5 Bxc3 22. Bxc3 Bxd5 23. Rxd5 Nb6 24. Rd4 (24. Rd3 {is more complex.} Na4 25. Bd4 b5 26. Kf1 e6 27. Re2 )Rbc8 25. Rb4 (25. f3 {feels hotter.} e6 26. a4 Rc5 27. a5 Nd5 28. Bd2 )Nd5 26. Rxb7 Nxc3 27. bxc3 Rxc3 28. Rexe7 (28. Re2 $11 )Rxe7 $17 29. Rxe7 Rxc2 $11 { Endgame ( ->
...Rc1+). KR-KR} 30. g3 (30. g4 $17 )Rxa2 $19 31. h4 h5 (31... a5 $19 32. Kf1 Kg7 )32. Ra7 $17 a5 33. Kg2 a4 (33... Ra3 $1 $19 34. Kf1 Kg7 )34. Kf3 Kg7 ({Black should try} 34... a3 $1 $19 35. Ke4 Kf8 )35. Ra6 (35. Ke4 $15 )a3 $19 36. Kg2 (36. Ke4 {might work better.} )Ra1 37. Kf3 Kf8 38. Ra7 (38. Kf4 $142 )Ke8 39. Kg2 f6 40. Ra6 Kf7 41. Kf3 Ra2 (41... a2 $19 {and
Black stays clearly on top.} 42. Ke2 Ke7 )42. Ke3 (42. Ke4 $17 {is a better
defense.} )g5 $2 (42... Ke7 $19 {White must now prevent ...Ra1.} 43. Kd4 g5 )43. hxg5 fxg5 {...Ra1 is the strong threat.} 44. Ra5 $2 {} (44. Kf3 $1 $15 )Ra1 45. Kf3 g4+ (45... a2 $19 46. Ra6 Ke7 )46. Kf4 $11 a2 {
aiming for ...Ke7.} 47. Kg5 $2 {} (47. Kf5 $11 Ke8 48. Kg6 )Ke6 $19 48. Ra8 Ke5 (48... Kd5 $142 49. Ra3 Kc4 )49. Re8+ Kd4 50. Re2 Kd3 51. Rb2 Ke4 $1 { Hoping for ...Kd3.} 52. Re2+ $2 {} (52. Rc2 $11 Kf3 53. Kg6 )Kf3 $1 53. Rb2 {[#]} Kg2 $1 54. Rc2 {[#]} Rf1 $1 55. Rb2 {Weighted Error Value: White=0.83/Black=0.37} 0-1

[Event "Airthings Masters Preliminary"]
[White "Nakamura,Hikaru"]
[Black "Giri,Anish"]
[Site "Online"]
[Round "11.2"]
[Annotator "TA"]
[Result "1-0"]
[Date "2020.12.23"]
[WhiteElo "2736"]
[BlackElo "2764"]
[PlyCount "109"]

1. e4 {} c5 2. Nf3 e6 3. g3 Nc6 4. Bg2 Nf6 5. d3 d5 6. Nbd2 Be7 7. 0-0 0-0 8. Re1 h6 {C00:
French: Unusual White 2nd moves.} 9. c3 b5 10. exd5 Nxd5 {The position is
equal.} 11. a4 b4 12. c4 {[#]} Nc7 $146 ({Predecessor:} 12... Nf6 13. Nd4 Qxd4 14. Bxc6 Rb8 15. Nb3 Qd8 16. d4 cxd4 17. Bf4 Bd6 18. Qxd4 Bxf4 19. Qxf4 {
1/2-1/2 (50) In 'T Veld,H (2223)-Webbink,A (2233) ICCF email 2019} )13. Nb3 Bb7 14. Be3 Na6 15. d4 cxd4 16. Nfxd4 Qc8 17. Qe2 Nxd4 18. Bxd4 {Strongly
threatening Bxb7.} Bxg2 19. Kxg2 Rd8 20. Qf3 Qxc4 (20... Nc5 $14 21. Bxc5 Bxc5 )21. Rac1 $40 { White is out for blood.} Qd5 22. Qxd5 Rxd5 23. Rc6 Nb8 (23... Rd6 $16 24. Rec1 Rad8 )24. Rc8+ $18 Rd8 25. Rec1 Nd7 26. Rxa8 Rxa8 27. Rc7 $1 { Double Attack} Rd8 28. Rxa7 Bf6 29. a5 (29. Bxf6 $18 Nxf6 30. a5 )Bxd4 $16 30. Nxd4 { Endgame KRN-KRN} Ne5 {[#]} 31. a6 $1 Rxd4 {KRN-KR} 32. Ra8+ Kh7 {And now ...Rd7 would win.} 33. a7 Nc6 {[#]} (33... Rd5 $16 34. Rb8 Ra5 )34. Rh8+ $1 $18 { Decoy} Kxh8 35. a8=Q+ { Double Attack. KQ-KRN} Nd8 36. Qa7 Rd5 37. Qb6 Kg8 38. Qxb4 Nc6 $2 {[#]} (38... g6 39. Qc4 h5 )39. Qb7 $2 (39. Qa4 $1 $18 {} Nd4 40. Qe8+ Kh7 41. Qxf7 )Nd4 $16 40. Qb8+ Kh7 41. Qf8 Kg6 42. g4 h5 43. h3 hxg4 44. hxg4 e5 (44... Ne2 $16 {might work better.} 45. b4 Nf4+ 46. Kf3 Nd3 )45. Qa8 Ne6 46. b4 Rd4 47. b5 {b6 is the strong threat.} Rxg4+ 48. Kf1 {Hoping for b6.} Rb4 $2 (48... Rd4 49. b6 Nd8 )49. Qc6 $18 Kg5 $2 (49... Kh7 50. b6 Rb2 51. Qe4+ g6 )50. b6 Nf4 {( -> ...Rb1+)} 51. Kg1 Rb1+ 52. Kh2 Ne6 (52... Rb2 $142 53. b7 Rxf2+ 54. Kg3 Rb2 )53. Qe4 Rb5 54. b7 Nd8 55. b8=R {
Weighted Error Value: White=0.09/Black=0.47} (55. b8=Q $142 Rxb8 56. Qxe5+ {
 Double Attack} f5 57. Qxb8 Nf7 58. Qb6 f4 59. Qc7 Kg6 60. Qxf4 )1-0

[Event "Airthings Masters Preliminary"]
[White "Nepomniachtchi,Ian"]
[Black "Carlsen,Magnus"]
[Site "Online"]
[Round "11.3"]
[Annotator "TA"]
[Result "1/2-1/2"]
[Date "2020.12.23"]
[WhiteElo "2784"]
[BlackElo "2862"]
[PlyCount "48"]

1. e4 {} c5 2. Nf3 Nc6 3. d4 cxd4 4. Nxd4 Nf6 5. Nc3 e5 6. Ndb5 d6 7. Bg5 a6 8. Na3 b5 9. Nd5 Be7 10. Bxf6 Bxf6 11. c4 b4 12. Nc2 a5 13. g3 {B33:
Sicilian: Pelikan and Sveshnikov Variations.} h5 14. h4 g6 15. Bh3 Bb7 16. Qd3 Bg7 {[#]} 17. Rd1 $146 ({Predecessor:} 17. a3 0-0 18. 0-0 bxa3 19. Rxa3 Rb8 20. Rd1 Ba6 21. b4 Bc8 22. Bxc8 axb4 23. Ra6 Rxc8 24. Ndxb4 {1-0 (36) Poetsch,H 
(2474)-Goldsworthy,P (2088) Schwaebisch Gmuend 2014} )0-0 18. 0-0 Rb8 19. b3 Re8 20. Rfe1 Ba8 21. Nde3 Bf8 22. Nd5 Bg7 23. Nde3 Bf8 24. Nd5 Bg7 {
Weighted Error Value: White=0.12/Black=0.07} 1/2-1/2

[Event "Airthings Masters Preliminary"]
[White "Aronian,Levon"]
[Black "Anton Guijarro,David"]
[Site "Online"]
[Round "11.4"]
[Annotator "TA"]
[Result "0-1"]
[Date "2020.12.23"]
[WhiteElo "2781"]
[BlackElo "2675"]
[PlyCount "120"]

1. e4 {} c5 2. Nf3 Nc6 3. Bb5 e6 4. 0-0 Nge7 5. c3 a6 6. Be2 d5 7. exd5 Nxd5 8. d4 Be7 {B30: Sicilian: 2...Nc6 3 Bb5, lines without ...g6.} 9. dxc5 Bxc5 10. c4 Nf6 {White is slightly better.} 11. Qxd8+ Kxd8 {[#]} 12. a3 $146 ({
Predecessor:} 12. Rd1+ Ke7 13. Nc3 Ba7 14. b3 Rd8 15. Ba3+ Ke8 16. Rxd8+ Nxd8 17. Rd1 Bd7 18. Ne5 {1-0 (41) Magem Badals,J (2534)-Bauer,C (2602) San
Sebastian 2009} )Ke7 13. b4 Nd4 14. Ra2 Nxe2+ 15. Rxe2 Bd6 16. Nc3 Rd8 17. Be3 Bd7 18. Rd1 Bc7 19. Ne5 Bxe5 20. Bc5+ { Discovered Attack} Ke8 21. Rxe5 {[#]} Ba4 $1 22. Rc1 Bb3 23. Ne4 Nxe4 24. Rxe4 Rd3 25. Bb6 Rc8 26. c5 Bd5 27. Re3 Rxe3 28. fxe3 $11 { Endgame KRB-KRB} f5 29. Kf2 Kd7 30. Rd1 Kc6 31. a4 g5 (31... h5 $11 )32. Rb1 (32. g4 $1 $14 Rf8 33. Kg1 )Ra8 33. Rd1 (33. g4 $5 )h5 34. e4 fxe4 35. Ke3 Rf8 36. h3 Rf7 37. Bd8 g4 38. hxg4 hxg4 39. Rb1 {Black converts the advantage convincingly.} g3 40. Rb2 Rf1 41. Bh4 Ra1 42. Bxg3 (42. Kf4 $17 )Ra3+ $1 $19 (42... Rxa4 43. Kf4 $15 )43. Kf4 e5+ $1 (43... Rxa4 44. Be1 $15 )44. Kg4 Be6+ ({Resist} 44... Rxa4 45. Kf5 $15 )45. Kh4 e3 46. Bxe5 Bc4 ({Don't play} 46... Rxa4 47. Kg3 $17 )47. g4 (47. Rb1 $142 )e2 ({But not} 47... Rxa4 48. Kg3 $17 )48. Rb1 Rxa4 49. Bg3 Kb5 50. Be1 Ra3 $1 51. Bg3 $2 (51. Rc1 )Rd3 52. Re1 (52. Rh1 $142 Kxb4 53. g5 )Rd1 53. g5 Kxb4 54. g6 Kxc5 55. g7 {[#]} Rxe1 $1 {Black mates.} 56. Bxe1 Kd4 57. Kg3 Kd3 58. Kf2 {[#]} b6 $1 59. Kf3 a5 60. Kf2 Bd5 {Weighted
Error Value: White=0.39/Black=0.04} 0-1

[Event "Airthings Masters Preliminary"]
[White "So,Wesley"]
[Black "Dubov,Daniil"]
[Site "Online"]
[Round "11.5"]
[Annotator "TA"]
[Result "1-0"]
[Date "2020.12.23"]
[WhiteElo "2770"]
[BlackElo "2699"]
[PlyCount "69"]

1. e4 {} e5 2. Nf3 Nc6 3. Bb5 a6 4. Ba4 Nf6 5. 0-0 b5 6. Bb3 Bc5 7. a4 Rb8 8. c3 d6 9. d4 Bb6 10. axb5 axb5 11. Na3 0-0 12. Nxb5 Bg4 13. Re1 {C78: Ruy Lopez:
Archangelsk and Möller Defences.} Bxf3 14. gxf3 Nh5 15. Kh1 {The position is
equal.} Qf6 { 15...exd4 is not played anymore.} 16. Be3 exd4 17. cxd4 Ba5 $1 {} 18. Rg1 Rxb5 19. Ba4 Rxb2 {...Bc3 is the strong
threat.} ({Avoid the trap} 19... Rfb8 $2 20. Bxb5 Rxb5 21. Qe2 $16 )20. Bxc6 {
 Discovered Attack} Bb6 21. Rg4 {[#]} g6 $146 ({Predecessor:} 21... Rb4 22. e5 dxe5 23. dxe5 Qe7 24. Qd5 Bxe3 25. fxe3 g6 26. Rxb4 Qxb4 27. e6 Qc3 {1/2-1/2 (45) Ivanchuk,V (2725)-Shirov,A (2700) Belgrade 1997} )22. f4 Rb4 {
} 23. Ra4 Rxa4 24. Qxa4 Ng7 25. Bd5 Kh8 26. h3 Qe7 27. f5 gxf5 28. exf5 Nxf5 29. Bg5 f6 ({But not} 29... Qe1+ $2 30. Kg2 $18 )30. Re4 $36 {
 White is more active.} Qg7 { [#]} (30... Qd8 $11 31. Bd2 Ng7 )31. Re8 $1 {White mates.} Ba7 {[#]} 32. Qd7 $3 {} h6 (32... Bxd4 33. Qc8 )33. Qc8 Rxe8 34. Qxe8+ Kh7 {[#]} 35. Bxf6 $1 { Weighted
Error Value: White=0.06/Black=0.35} 1-0

[Event "Airthings Masters Preliminary"]
[White "Radjabov,Teimour"]
[Black "Harikrishna,Pentala"]
[Site "Online"]
[Round "11.6"]
[Annotator "TA"]
[Result "1/2-1/2"]
[Date "2020.12.23"]
[WhiteElo "2765"]
[BlackElo "2732"]
[PlyCount "84"]

1. d4 {} Nf6 2. c4 e6 3. Nf3 d5 4. Nc3 c6 5. Bg5 dxc4 6. a4 b5 7. axb5 {D44: Semi-Slav: Botvinnik System.} cxb5 8. Nxb5 Qb6 $1 {
} 9. Nc3 {The position is equal.} ({Don't go for} 9. Qa4 $2 Bd7 $19 )Qxb2 10. Bd2 Nd5 11. Nxd5 exd5 12. Rb1 Qa2 13. e4 Bd6 14. Be2 0-0 15. 0-0 {[#]} dxe4 $146 ({Predecessor:} 15... Re8 16. Ra1 Qb2 17. Ra5 dxe4 18. Bxc4 exf3 19. Qxf3 Re7 20. Bc3 Qb6 21. Qxa8 Qc7 {0-1 (46) Pashikian,A (2631)
-Vaibhav,S (2521) Abu Dhabi 2014} )16. Ng5 Bf5 {aiming for ...h6.} 17. Rc1 Qb3 {Threatens to win with ...h6.} 18. Bxc4 Qxd1 19. Rfxd1 {[#] Bd5 is the strong
threat.} Nd7 20. Bd5 {Black must now prevent Nxf7.} Rae8 21. Rc6 Be7 22. Bxe4 Nb8 23. Rc2 Bxg5 24. Bxf5 Bxd2 25. Rcxd2 g6 26. Bg4 Rd8 27. Ra2 Rfe8 {Hoping
for ...Rxd4!} 28. h3 ({Avoid the trap} 28. Rxa7 $2 {[#]} Rxd4 $3 {} 29. Rf1 Rxg4 $19 )a6 29. Be2 Rd6 30. Rda1 Rxd4 31. Bxa6 Nxa6 32. Rxa6 $11 { Endgame KRR-KRR} Rde4 33. Ra8 Rxa8 34. Rxa8+ {KR-KR} Kg7 35. Ra7 h5 36. g3 Rb4 37. h4 Rb2 38. Kg2 Rc2 39. Kg1 Rc1+ 40. Kg2 Rc2 41. Kg1 Rc1+ 42. Kg2 Rc2 {An uneventful encounter.  Weighted Error Value: White=0.02/Black=0.01} 1/2-1/2